000 00512cam a2200193ua 4500
001 1900
008 110811n ii |||gr||||Z||||||asm
020 _a81-7339-108-4
040 _cMAIN
082 _a371.3
100 _aGoswami, Rajani Kanta,
_eAuthor.
245 1 _aSiksha danar padhati aru kaushal
_cby Rajani Kanta Goswami
250 _a1st.
260 _aDibrugarh:
_bBanalata,995.
_aGuahati:
300 _a182p:
_c23cm.
653 _aEducation
653 _aSiksha danar padhati aru kaushal
942 _cBK
999 _c1775
_d1775